000 00884nam a22002417a 4500
003 KOHA_MİRAKIL
005 20260416095303.0
008 260416b tu ||||| |||| 00| 0 tur d
020 _a9755332820
040 _aTR-AnABB
_btur
_cTR-AnABB
041 _atur
082 _a320.509 561
_bKIS 1999
100 1 _aKışlalı, Ahmet Taner,
_d1939-1999
245 1 0 _aBen demokrat değilim /
_cAhmet Taner Kışlalı
250 _a1. baskı
260 _aAnkara ;
_bİmge Kitabevi,
_c1999
300 _a431 sayfa ;
_c20 cm
505 _aİçindekiler: Ordu ve siyaset üzerine - Atatürk ve Kemalizm üzerine - Demokrasi üzerine - Laiklik ve türban üzerine - Güneydoğu sorunu üzerine - Sol üzerine - Kültür ve yazın üzerine
650 0 4 _aSiyaset bilimi
650 0 4 _aSiyaset bilimi, Türkiye
900 _bCan ÇELIK
942 _2ddc
_cBK
999 _c10296
_d10296